| 000 | 00812nam a2200313Ia 4500 | ||
|---|---|---|---|
| 001 | 2420 | ||
| 003 | IT-RoPAU | ||
| 008 | 130308s9999 xx 000 0 und d | ||
| 040 | _aIT-RoPAU | ||
| 040 | _cIT-RoPAU | ||
| 041 | _aITALIANO | ||
| 100 | _aFellini Federico | ||
| 100 | _gCodice Aut. SPICS: 6747 | ||
| 245 | _aSesto episodio di Paisà (Il) | ||
| 245 | _bCinema e Resistenza | ||
| 250 | _a1a ed. | ||
| 260 | _aFIRENZE | ||
| 260 | _bLandi Luciano | ||
| 260 | _c1959 [1° Ed.:1959 - Ed.Ling.Originale:1959] | ||
| 300 | _a"12 p. (prefazione: no ; testo: 12 [pagine: 171-182])" | ||
| 650 | _aSAGGI SUL CINEMA | ||
| 650 | _eCodice materia Spics: 6811 | ||
| 700 | _aRossellini Roberto | ||
| 700 | _gCodice Aut. SPICS: 1870 | ||
| 942 | _cBK | ||
| 957 | _71 | ||
| 999 |
_c55845 _d55845 |
||
| 999 | _bSI | ||
| 999 | _g1 | ||